KALIDASA FOR THE 21ST CENTURY: (Record no. 212477)

MARC details
000 -LEADER
fixed length control field 00597nam a22001937a 4500
005 - DATE AND TIME OF LATEST TRANSACTION
control field 20250723110247.0
010 ## - LCCN (DPL NO)
LC control number ENG-146073
020 ## - INTERNATIONAL STANDARD BOOK NUMBER
International Standard Book Number 9789382277750
Terms of availability 499.00
035 ## - SYSTEM CONTROL NUMBER
System control number EN-129605
037 ## - SOURCE OF ACQUISITION
Source of stock number/acquisition DBAD
082 ## - DEWEY DECIMAL CLASSIFICATION NUMBER
Classification number 811.4
Edition number 1
245 ## - TITLE STATEMENT
Title KALIDASA FOR THE 21ST CENTURY:
Remainder of title Selected Poetry and Drama:/
Statement of responsibility, etc Translated By Mani Rao
250 ## - EDITION STATEMENT
Edition statement 1
260 ## - PUBLICATION, DISTRIBUTION, ETC. (IMPRINT)
Place of publication, distribution, etc New Delhi
Name of publisher, distributor, etc ALEPH Book Company
Date of publication, distribution, etc 2014
270 ## - ADDRESS
Address 7/16, Ansari Road, Daryaganj
City New Delhi
Postal code 110002
300 ## - PHYSICAL DESCRIPTION
Extent xvi, 274p.
Dimensions 22cm(pb)
700 ## - ADDED ENTRY--PERSONAL NAME
Personal name Rao, Mani
Relator term Translator
9 (RLIN) 83159
942 ## - ADDED ENTRY ELEMENTS (KOHA)
Source of classification or shelving scheme Dewey Decimal Classification
Item type English Books
Classification part 811.4
Call number suffix KAL
Holdings
Withdrawn status Lost status Not for loan Collection code Home library Current library Date acquired Source of acquisition Cost, normal purchase price Full call number Barcode Copy number Cost, replacement price Koha item type
    Not For Loan Non-fiction D.B.Act.Division D.B.Act.Division 23/07/2025 Delivery of Books Act Division 499.00 811.4 KAL EN-129605 1 499.00 English Books

© Delhi Public Library
Hit Counter
free hit counter